MARC details
| 000 -LEADER |
| fixed length control field |
02009cam a2200529Ii 4500 |
| 001 - CONTROL NUMBER |
| control field |
ocn885230116 |
| 003 - CONTROL NUMBER IDENTIFIER |
| control field |
OCoLC |
| 005 - DATE AND TIME OF LATEST TRANSACTION |
| control field |
20200710114705.0 |
| 008 - FIXED-LENGTH DATA ELEMENTS--GENERAL INFORMATION |
| fixed length control field |
140804t20152015nyua j 000 1 spa d |
| 020 ## - INTERNATIONAL STANDARD BOOK NUMBER |
| International Standard Book Number |
9780544430730 |
| Qualifying information |
(Board book) |
| 020 ## - INTERNATIONAL STANDARD BOOK NUMBER |
| International Standard Book Number |
0544430735 |
| Qualifying information |
(Board book) |
| 035 ## - SYSTEM CONTROL NUMBER |
| System control number |
(OCoLC)885230116 |
| 040 ## - CATALOGING SOURCE |
| Original cataloging agency |
BTCTA |
| Language of cataloging |
eng |
| Description conventions |
rda |
| Transcribing agency |
BTCTA |
| Modifying agency |
GK8 |
| -- |
CLE |
| -- |
OCLCO |
| -- |
VP@ |
| -- |
OCLCF |
| -- |
OCLCO |
| -- |
CPL |
| -- |
OCLCO |
| -- |
T7L |
| -- |
JTH |
| -- |
OCLCO |
| -- |
OCL |
| -- |
OCLCO |
| -- |
IGA |
| -- |
TXLAP |
| -- |
DCB |
| -- |
CHILD |
| -- |
OCLCQ |
| -- |
LKC |
| 041 1# - LANGUAGE CODE |
| Language code of text/sound track or separate title |
spa |
| -- |
eng |
| Language code of original |
eng |
| 049 ## - LOCAL HOLDINGS (OCLC) |
| Holding library |
ORXA |
| 050 #4 - LIBRARY OF CONGRESS CALL NUMBER |
| Classification number |
PZ73 |
| Item number |
.S7584 2015 |
| 082 04 - DEWEY DECIMAL CLASSIFICATION NUMBER |
| Classification number |
[E] |
| Edition number |
23 |
| 099 ## - LOCAL FREE-TEXT CALL NUMBER (OCLC) |
| Filing suffix |
SPANISH |
| Classification number |
jbb 2015 |
| 100 1# - MAIN ENTRY--PERSONAL NAME |
| Personal name |
Walsh, Ellen Stoll, |
| Relator term |
author, |
| -- |
illustrator. |
| 245 10 - TITLE STATEMENT |
| Title |
Figuras y ratones = |
| Remainder of title |
Mouse shapes / |
| Statement of responsibility, etc. |
Ellen Stoll Walsh ; translation by Carlos E. Calvo. |
| 246 31 - VARYING FORM OF TITLE |
| Title proper/short title |
Mouse shapes. |
| 260 ## - PUBLICATION, DISTRIBUTION, ETC. (IMPRINT) |
| Place of publication, distribution, etc. |
New York, New York : |
| Name of publisher, distributor, etc. |
Houghton Mifflin Harcourt, |
| Date of publication, distribution, etc. |
c2015. |
| 264 #1 - PRODUCTION, PUBLICATION, DISTRIBUTION, MANUFACTURE, AND COPYRIGHT NOTICE |
| Place of production, publication, distribution, manufacture |
New York, New York : |
| Name of producer, publisher, distributor, manufacturer |
Houghton Mifflin Harcourt, |
| Date of production, publication, distribution, manufacture, or copyright notice |
[2015] |
| 264 #4 - PRODUCTION, PUBLICATION, DISTRIBUTION, MANUFACTURE, AND COPYRIGHT NOTICE |
| Date of production, publication, distribution, manufacture, or copyright notice |
c2015. |
| 300 ## - PHYSICAL DESCRIPTION |
| Extent |
1 volume (unpaged) : |
| Other physical details |
color illustrations ; |
| Dimensions |
11 x 12 cm. |
| 336 ## - CONTENT TYPE |
| Content type term |
text |
| Content type code |
txt |
| Source |
rdacontent. |
| 336 ## - CONTENT TYPE |
| Content type term |
still image |
| Content type code |
sti |
| Source |
rdacontent. |
| 337 ## - MEDIA TYPE |
| Media type term |
unmediated |
| Media type code |
n |
| Source |
rdamedia. |
| 338 ## - CARRIER TYPE |
| Carrier type term |
volume |
| Carrier type code |
nc |
| Source |
rdacarrier. |
| 500 ## - GENERAL NOTE |
| General note |
Cover title. |
| 500 ## - GENERAL NOTE |
| General note |
Translation of: Mouse shapes. |
| 500 ## - GENERAL NOTE |
| General note |
On board pages. |
| 520 ## - SUMMARY, ETC. |
| Summary, etc. |
Three mice make a variety of things out of different shapes as they hide from a scary cat. |
| 546 ## - LANGUAGE NOTE |
| Language note |
Parallel text in Spanish and English. |
| 650 #0 - SUBJECT ADDED ENTRY--TOPICAL TERM |
| Topical term or geographic name as entry element |
Shapes |
| Form subdivision |
Juvenile fiction. |
| 650 #0 - SUBJECT ADDED ENTRY--TOPICAL TERM |
| Topical term or geographic name as entry element |
Mice |
| Form subdivision |
Juvenile fiction. |
| 650 #7 - SUBJECT ADDED ENTRY--TOPICAL TERM |
| Topical term or geographic name as entry element |
Ratones |
| Form subdivision |
Novela juvenil. |
| Source of heading or term |
bidex. |
| 650 #7 - SUBJECT ADDED ENTRY--TOPICAL TERM |
| Topical term or geographic name as entry element |
Figuras |
| Form subdivision |
Novela juvenil. |
| Source of heading or term |
bidex. |
| 655 #0 - INDEX TERM--GENRE/FORM |
| Genre/form data or focus term |
Board books. |
| 655 #7 - INDEX TERM--GENRE/FORM |
| Genre/form data or focus term |
Materiales en espa©łol |
| General subdivision |
Biling©ơe. |
| Source of term |
qlsp. |
| 655 #7 - INDEX TERM--GENRE/FORM |
| Genre/form data or focus term |
Board books. |
| Source of term |
lcgft. |
| 690 ## - LOCAL SUBJECT ADDED ENTRY--TOPICAL TERM (OCLC, RLIN) |
| Topical term or geographic name as entry element |
Spanish language edition |
| Form subdivision |
Juvenile fiction. |
| 700 1# - ADDED ENTRY--PERSONAL NAME |
| Personal name |
Calvo, Carlos E., |
| Relator term |
translator. |
| 700 12 - ADDED ENTRY--PERSONAL NAME |
| Personal name |
Walsh, Ellen Stoll. |
| Title of a work |
Mouse shapes. |
| Language of a work |
Spanish. |
| 700 12 - ADDED ENTRY--PERSONAL NAME |
| Personal name |
Walsh, Ellen Stoll. |
| Title of a work |
Mouse shapes. |
| 942 ## - ADDED ENTRY ELEMENTS (KOHA) |
| Koha item type |
Libro/Book |